000
00309nam a22001337a 4500
003
SGT
082
_a
617.3
_b
A15S
100
_a
SOLOMON, LOUIS
245
_a
APLEY'S SYSTEM OF ORTHOPEDICS AND FRACTURES
260
_a
LONDON
_b
CRC PRESS
_c
2015
300
_a
974
650
_a
ORTHOPEDIC
942
_2
ddc
_c
BK
_0
9
999
_c
14595
_d
14595